Flags of Overseas France - Statistics

General Stats
  • This quiz has been taken 150 times
  • The average score is 10 of 12
Answer Stats
Picture Answer % Correct
Mayotte
97%
French Guiana
91%
Martinique
91%
New Caledonia
91%
French Polynesia
90%
Guadeloupe
87%
Réunion
86%
Saint Pierre and Miquelon
81%
Wallis and Futuna
79%
Saint Martin
74%
French Southern and Antarctic Lands
71%
Saint Barthélemy
70%
No matching quizzes found
Score Distribution
Percent of People with Each Score
Percentile by Number Answered
Your Score History
You have not taken this quiz